01647cam a2200457Ma 4500003000900000005001700009008004100026020001500067020001800082035002700100040003300127082001900160100002300179245019100202246005700393264004200450300004900492336002100541337002500562338002300587490001800610500009000628504003500718505016700753526001000920526001000930526001000940526001000950526000800960526000800968526000800976526000800984526000800992526000801000526000801008650003601016650004401052700003401096700002701130730003201157PE-LiUPU20250731172846.0100507s2010 miu b 001 0 eng d a0310277205 a9780310277200 a(Sirsi) i9780310277200 aPE-LiUPUbspacPE-LiUPUerda00a236.9bB612221 aBlaising, Craig A.10aThree views on the Rapture :bpretribulation, prewrath, posttribulation /cCraig Blaising, Alan Hultberg, Douglas Moo ; Stanley N. Grundy, series editor ; Alan Hultberg, general editior.30aRapture :bpretribulation, prewrath, posttribulation aGrand Rapids, MI :bZondervan,c2010. a303 páginas :btables ;c21 centímetros. atext2rdacontent aunmediated2rdamedia avolume2rdacarrier0 aCounterpoints aRevised edition of: Three views on the Rapture / Gleason L. Archer, Jr. et al. c1996. aÍndices : páginas 284-303.8 aA case for the pretribulation Rapture / Craig Blaising -- A case for the prewrath Rapture / Alan Hultberg -- A case for the posttribulation Rapture / Douglas Moo. aSEG42 aSEG41 aSEG40 aSEG39 aP94 aP87 aP86 aP85 aP77 aP76 aP35 0aRapto (Escatología cristiana) 0aTribulación (Escatología cristiana)1 aHultberg, Alan,d1962-eautor1 aMoo, Douglas J.eautor0 aThree views on the Rapture.